000 00672nam a2200229Ia 4500
005 20240116115512.0
008 131103s9999 xx 000 0 und d
040 _aLoreto College
041 _aEnglish
082 _a370
_bGOE
100 _aGoel, B.S
245 _aMother Tougue and Equality of Opportunity in Education,
_cB.S.Goel and S. K. Saini
260 _a[s.l.]
_bNational Council of educational research and training
_c1972
300 _avii,114 p.
_b ill.,tables
440 _aResearch Monograph Series
504 _aIncludes appendices
650 _aEducation
651 _aEducation
700 _aSaini, S.K.,auth.
850 _aLCLIB
942 _cBK
999 _c2946
_d53425